Statistiques concernant Les communes de la communauté urbaine Creusot Montceau sur une carte

Cliquez ici pour prendre le quiz!

Statistiques générales

  • Ce quiz a été pris 8 fois
  • Le résultat moyen est 6 sur 34

Réponses sur la Carte

Les réponses sont colorées sur une échelle allant du rouge au vert en fonction du pourcentage des utilisateurs qui les ont devinées à leur premier essai. Vous pouvez retrouver ces pourcentages ci-dessous.
 

Statistiques - réponses

CommunePopulation% Correct
Le Creusot20 731
100%
Montceau-les-Mines16 831
100%
Blanzy6 012
50%
Le Breuil3 522
50%
Montchanin4 979
50%
Sanvignes-les-Mines4 295
50%
Torcy2 810
50%
Ciry-le-Noble2 248
33%
Gourdon890
33%
Saint-Vallier8 503
33%
Écuisses1 609
17%
Génelard1 397
17%
Montcenis1 884
17%
Mont-Saint-Vincent313
17%
Saint-Berain-sous-Sanvignes1 097
17%
Charmoy278
0%
Essertenne479
0%
Les Bizots472
0%
Marigny162
0%
Marmagne1 266
0%
Mary277
0%
Morey191
0%
Perrecy-les-Forges1 547
0%
Perreuil560
0%
Pouilloux961
0%
Saint-Eusèbe1 203
0%
Saint-Firmin792
0%
Saint-Julien-sur-Dheune236
0%
Saint-Laurent-d'Andenay974
0%
Saint-Micaud278
0%
Saint-Pierre-de-Varennes839
0%
Saint-Romain-sous-Gourdon486
0%
Saint-Sernin-du-Bois1 718
0%
Saint-Symphorien-de-Marmagne834
0%

Distribution des résultats

Percentile par nombre de réponses

% des personnes avec chaque résultat

Votre développement - résultats

Vous n’avez pas pris ce quiz